[Event "It (cat.13)"]
[Site "masterchessopen.com Malme (Sweden)"]
[Round "1"]
[White "Nielsen Peter Heine (DEN)"]
[Black "McShane Luke J (ENG)"]
[Result "1-0"]
[WhiteElo "2663"]
[BlackElo "2629"]

{ Nielsen Peter Heine (DEN) +1 =0 -0 } 1.d4 Nf6 2.c4 g6 3.Nc3 d5 4.cxd5 Nxd5
5.e4 Nxc3 6.bxc3 Bg7 7.Bc4 c5 8.Ne2 cxd4 9.cxd4 Nc6 10.Be3 O-O 11.O-O Bg4
12.f3 Na5 13.Bd3 Be6 14.d5 Bxa1 15.Qxa1 f6 16.Bh6 Re8 { = } ( 16...Bd7 17.Bxf8
Qb6+ 18.Nd4 Rxf8 19.Rb1 Qd6 20.Qc3 Qe5 21.Rc1 Rc8 22.Qxc8+ Bxc8 23.Rxc8+ Kg7
24.Ne6+ Kh6 25.f4 Qb2 26.g4 Qd2 27.g5+ Kh5 28.Bf1 Qe3+ 29.Kg2 Qxe4+ 30.Kf2
Qxd5 31.Rh8 Kg4 32.Rxh7 Qd2+ 33.Be2+ Kf5 34.Rxe7 Nc6 35.Ng7+ Kxf4 36.gxf6 {
...0-1, Christiansen Larry M 2625 - Lagunow Alexander 2405 , Cologne 1992 It
(open) "Porz" } ) 17.Kh1 ( 17.Qd4 Bd7 18.Rb1 b5 19.e5 e6 20.Kh1 Qb6 21.Qg4 f5
22.Qg3 exd5 23.Nf4 Kf7 24.e6+ Bxe6 25.Rxb5 Qd4 26.h4 Nc6 27.h5 Qf6 28.Bg5 Qa1+
29.Rb1 Qg7 30.Rb7+ Ne7 31.Qe1 { 1-0, Sygulski Artur 2360 - Luecke Norbert 2410
, Germany 1991 Bundesliga 1990/91 } ) ( 17.Bd2 b6 18.Qb1 Bf7 19.Bb5 Rf8 20.Bh6
Qd6 21.Bxf8 Rxf8 22.Rc1 e6 { 1/2-1/2, Christiansen Larry M 2600 - Gavrikov
Viktor 2585 , Biel 1991 It } ) 17...Bd7 ( 17...Rc8 18.Nf4 Bd7 19.e5 e6 20.dxe6
Bxe6 21.exf6 Bf7 22.Rd1 Rc6 23.Bb5 Qxf6 24.Qxf6 Rxf6 25.Bxe8 Bxe8 26.Rd8 Kf7
27.Nh3 Ke7 28.Rd1 Re6 29.Ng5 Re2 30.h4 Rxa2 31.Nxh7 Re2 32.Bg5+ Kf7 33.Rd8 Bc6
34.Rf8+ Ke6 35.Rf6+ Kd5 36.Rxg6 b5 37.Nf6+ { ...1/2-1/2, Kharlov Andrei 2609 -
Mamedyarov Shakhriyaz 2542 , Batumi 2002 Ch Europe } ) 18.e5 Rc8 ( 18...Bf5
19.Bxf5 gxf5 20.Nf4 Nc4 21.Qe1 Nxe5 22.Qg3+ Ng4 23.fxg4 Kh8 24.Bg7+ { 1-0,
Pavlovic Milos 2379 - Olzem Lothar 2186 , Bad Woerishofen 2002 It (open) } ) (
18...a6 { -0.93 CAP } ) 19.Ng3 { +0.00 CAP N } ( 19.Nf4 Nc4 20.e6 Ba4 21.Nxg6
( 21.Qe1 Ne5 22.Qg3 Qd6 23.Be4 Bc2 24.h4 Kh8 25.Nh5 Rg8 26.Nxf6 exf6 27.Bf4 b5
28.Re1 Rg7 29.Rc1 Rgc7 30.Bxe5 fxe5 31.Bxc2 Rxc2 32.Rxc2 Rxc2 33.Qg5 Rc7 34.h5
gxh5 35.Qf6+ Rg7 36.Qf5 a5 37.Qxh5 Qxd5 38.Qe8+ Rg8 { ...0-1, Gligoric
Svetozar 2600 - Idigoras Gregorio, Mar del Plata 1955 It } ) 21...hxg6 22.Bxg6
Ne5 23.Be4 Bc2 ( 23...Qa5 24.Qd4 Rc4 25.Qf2 Rxe4 26.fxe4 Qc3 27.h3 Qd3 28.Qf5
Rc8 29.d6 Qxd6 30.Bf4 Be8 31.Rb1 Qd3 32.Rb3 Qxb3 { 0-1, Christiansen Larry M
2575 - Korchnoi Viktor 2595 , Reggio Emilia 1988 It (cat.15) } ) 24.Bxc2 Rxc2
25.Qd1 Rc5 26.f4 Qxd5 27.Qh5 Rc2 28.Rg1 Qxe6 29.Qxe8+ Kh7 30.Qf8 Qg4 31.fxe5
Rc8 32.Qxe7+ Kxh6 33.exf6 Qg5 34.Qxb7 Rc1 35.Qxa7 Rxg1+ 36.Qxg1 Qxf6 37.a4 Qc3
38.h3 Kg5 { ...1-0, Van Wely Loek 2668 - Kovchan Alexander 2536 , Moscow 2003
It (open) "Aeroflot" } ) 19...Nc4 20.Bxc4 Rxc4 21.Ne4 Qb6 22.Rd1 Rxe4 23.fxe4
fxe5 24.Qxe5 Qf6 25.Qg3 e6 { ? } ( { ? } 25...Ba4 26.Rc1 a6 27.e5 Qf5 { } )
26.d6 { ?! } ( 26.Qc7 { !? } 26...Ba4 27.e5 Qe7 28.Qxe7 { } ) 26...e5 27.h3 b5
28.Bg5 Qe6 { ?! } ( 28...Qf7 { !? } 29.Qb3 a6 30.Qxf7+ Kxf7 { } ) 29.Be7 Rc8
30.Rf1 Qc4 31.Qf2 b4 { ? } ( { ? } 31...a6 32.Bf8 Qe6 { } ) 32.Bg5 Bb5 { ?! }
( 32...Qe6 { !? } 33.Bh6 Kh8 34.Qf7 Qxf7 { } ) 33.d7 Bxd7 34.Bh6 Bf5 35.exf5
Qf7 36.f6 a5 37.Qb6 Ra8 { } {#r} 1-0

[Event "Ch Asturias"]
[Site "masterchessopen.com Oviedo (Spain)"]
[Round "6"]
[White "Vega Viejo Marcelino (ESP)"]
[Black "Ahmed Garcia Omar (ESP)"]
[Result "1-0"]
[WhiteElo "2193"]
[BlackElo "1967"]

1.d4 Nf6 2.c4 g6 3.Nc3 d5 4.cxd5 Nxd5 5.e4 Nxc3 6.bxc3 c5 7.Bc4 Bg7 8.Ne2 Nc6
9.Be3 cxd4 10.cxd4 O-O 11.O-O Bg4 12.f3 Na5 13.Bd3 Be6 14.Rc1 f5 15.d5 fxe4
16.Bxe4 Bf7 17.Qd2 Be5 18.f4 Bd6 19.f5 b6 20.Bh6 gxf5 21.Qc3 e5 22.dxe6 Bxh2+
23.Kh1 Be5 24.exf7+ Rxf7 25.Qxe5 Qh4+ 26.Kg1 Qxe4 27.Qg3+ Kh8 28.Bd2 h5 29.Qg6
Rg8 30.Bc3+ Rgg7 {#r} 1-0

[Event "Ch Sweden"]
[Site "masterchessopen.com Umea (Sweden)"]
[Round "5"]
[White "Ahlander Bjorn (SWE)"]
[Black "Ernst Thomas (SWE)"]
[Result "1-0"]
[WhiteElo "2411"]
[BlackElo "2463"]

{ Ahlander Bjorn (SWE) +0 =0 -1 Ernst Thomas (SWE) +2 =2 -1 } 1.d4 { 1 }
1...Nf6 2.c4 g6 3.Nc3 d5 4.cxd5 Nxd5 5.e4 Nxc3 6.bxc3 Bg7 7.Bc4 c5 8.Ne2 Nc6
9.Be3 O-O 10.O-O Bg4 11.f3 Na5 12.Bd3 cxd4 13.cxd4 Be6 14.d5 ( 14.Rc1 Bxa2
15.Qa4 Bb3 16.Qb4 b6 17.Bg5 f6 18.Be3 Bf7 19.Ba6 Qd6 20.Qb2 Rab8 21.d5 b5
22.Bxb5 a6 23.Qc3 Rxb5 24.Nd4 Rb4 25.Ne6 Nb3 26.Nxf8 Nxc1 27.Rxc1 f5 28.Qc8
Bxf8 29.Bc5 Qb8 30.Bxe7 Rb1 31.Rxb1 Qxc8 { 0-1, Ahlander Bjorn 2405 - Hellers
Ferdinand 2560 , Malme 1994 It } ) 14...Bxa1 15.Qxa1 f6 16.Bh6 Re8 { = } (
16...Bd7 17.Bxf8 Qb6+ 18.Nd4 Rxf8 19.Rb1 Qd6 20.Qc3 Qe5 21.Rc1 Rc8 22.Qxc8+
Bxc8 23.Rxc8+ Kg7 24.Ne6+ Kh6 25.f4 Qb2 26.g4 Qd2 27.g5+ Kh5 28.Bf1 Qe3+
29.Kg2 Qxe4+ 30.Kf2 Qxd5 31.Rh8 Kg4 32.Rxh7 Qd2+ 33.Be2+ Kf5 34.Rxe7 Nc6
35.Ng7+ Kxf4 36.gxf6 { ...0-1, Christiansen Larry M 2625 - Lagunow Alexander
2405 , Cologne 1992 It (open) "Porz" } ) 17.Kh1 ( 17.Qd4 Bd7 18.Rb1 b5 19.e5
e6 20.Kh1 Qb6 21.Qg4 f5 22.Qg3 exd5 23.Nf4 Kf7 24.e6+ Bxe6 25.Rxb5 Qd4 26.h4
Nc6 27.h5 Qf6 28.Bg5 Qa1+ 29.Rb1 Qg7 30.Rb7+ Ne7 31.Qe1 { 1-0, Sygulski Artur
2360 - Luecke Norbert 2410 , Germany 1991 Bundesliga 1990/91 } ) ( 17.Bd2 b6
18.Qb1 Bf7 19.Bb5 Rf8 20.Bh6 Qd6 21.Bxf8 Rxf8 22.Rc1 e6 { 1/2-1/2,
Christiansen Larry M 2600 - Gavrikov Viktor 2585 , Biel 1991 It } ) 17...Rc8
18.Nf4 Bd7 ( 18...Bf7 19.e5 Bxd5 20.Rd1 e6 21.exf6 Qc7 22.Qb1 Qe5 23.Bxg6 Qxf6
24.Bxe8 Rxe8 25.Nxd5 Qxh6 26.Nc3 Qg7 27.Ne4 Nc4 28.Rd7 Re7 29.Rd8+ Kf7 30.Qc1
h6 31.Qf4+ Kg6 32.Qg4+ { 1-0, Gustafsson Jan 2566 - Bachmann Andreas 2243 ,
Dresden 2002 It (open) } ) 19.e5 Nc4 ( 19...e6 20.dxe6 Bxe6 21.exf6 Bf7 22.Rd1
Rc6 23.Bb5 Qxf6 24.Qxf6 Rxf6 25.Bxe8 Bxe8 26.Rd8 Kf7 27.Nh3 Ke7 28.Rd1 Re6
29.Ng5 Re2 30.h4 Rxa2 31.Nxh7 Re2 32.Bg5+ Kf7 33.Rd8 Bc6 34.Rf8+ Ke6 35.Rf6+
Kd5 36.Rxg6 b5 37.Nf6+ Kc4 38.Ne4 Bxe4 39.fxe4 { ...1/2-1/2, Kharlov Andrei
2609 - Mamedyarov Shakhriyaz 2542 , Batumi 2002 Ch Europe } ) 20.e6 Ba4 (
20...Ne5 21.exd7 Qxd7 22.Qb1 Nxd3 23.Qxd3 e5 24.Ne2 Qa4 25.Nc3 Qd4 26.Qxd4
exd4 27.Ne4 Red8 28.Nxf6+ Kf7 29.Ne4 Rxd5 30.Kg1 d3 31.Rd1 Rc2 32.a3 Ke6
33.Bd2 Rd4 34.Be3 Rd5 35.Kf1 h5 36.Bd2 Rd4 37.Ke1 b5 38.Rb1 a6 39.Rb3 Kd5
40.Kf2 { ...1-0, Nielsen Peter Heine 2626 - Turov Maxim 2518 , Copenhagen 2002
It (open) "Politiken Cup" } ) ( 20...Bb5 { } ) 21.Nxg6 ( 21.Qe1 Ne5 22.Qg3 Qd6
23.Be4 Bc2 24.h4 Kh8 25.Nh5 Rg8 26.Nxf6 exf6 27.Bf4 b5 28.Re1 Rg7 29.Rc1 Rgc7
30.Bxe5 fxe5 31.Bxc2 Rxc2 32.Rxc2 Rxc2 33.Qg5 Rc7 34.h5 gxh5 35.Qf6+ Rg7
36.Qf5 a5 37.Qxh5 Qxd5 38.Qe8+ Rg8 39.Qf7 Qd1+ 40.Kh2 Qd6 { ...0-1, Gligoric
Svetozar 2600 - Idigoras Gregorio, Mar del Plata 1955 It } ) 21...hxg6 22.Bxg6
Ne5 23.Be4 Bc2 ( 23...Qa5 24.Qd4 Rc4 25.Qf2 Rxe4 26.fxe4 Qc3 27.h3 Qd3 28.Qf5
Rc8 29.d6 Qxd6 30.Bf4 Be8 31.Rb1 Qd3 32.Rb3 Qxb3 { 0-1, Christiansen Larry M
2575 - Korchnoi Viktor 2595 , Reggio Emilia 1988 It (cat.15) } ) 24.Bxc2 Rxc2
25.Qd1 { } 25...Rxa2 { N } ( 25...Kh7 26.f4 { } 26...Kxh6 { DA } 27.fxe5 { ! }
( 27.Qxc2 { ? } 27...Ng6 28.f5 Ne5 29.Qf2 Rh8 ) 27...Rc4 28.Qd3 { ! } 28...b5
( 28...Rh4 29.d6 f5 30.Rxf5 Rf8 31.Rf7 { ! } ) 29.exf6 exf6 30.d6 Kg7 31.Qg3+
Kh7 32.Qh3+ Kg7 33.Qg3+ Kh7 34.Qf3 Kg6 35.Qd5 Rh8 36.h3 { ! } 36...a6 37.Qd3+
Kg7 38.Qg3+ Kh7 39.Rf5 Qe8 40.Rxf6 Rg8 41.Qd3+ Kg7 42.Qf5 Rc5 43.Rf7+ { 1-0,
Hansen Curt 2610 - McShane Luke J 2568 , Malme 2003 It (cat.13) } ) ( 25...Qc7
26.f4 Rc1 27.Qxc1 Qxc1 28.Rxc1 Ng4 29.h3 Nxh6 30.g4 Rd8 31.Rc7 Kf8 32.Rd7 Nf7
33.Kg2 b5 34.Kf2 Ke8 35.Rxa7 Nd6 36.h4 Kf8 37.h5 f5 38.g5 Ne4+ 39.Ke3 Rxd5
40.Ra8+ Kg7 41.h6+ Kh7 42.Re8 Nxg5 43.fxg5 Re5+ 44.Kf4 Rxe6 45.Rf8 { ...1-0,
Kobalia Mikhail 2603 - Zakharstov Viacheslav V 2527 , St. Petersburg 2001
Memorial M.Chigorin (open) } ) ( 25...Rc5 26.f4 Qxd5 { ? +4,00 } ( { ? }
26...Rxd5 27.Qh5 Kh7 28.fxe5 Rxe5 { +0,75 } ) 27.Qh5 Rc2 { N } ( 27...Qxe6
28.Qxe8+ Kh7 29.fxe5 Kxh6 30.exf6 Qxf6 { 1-0, Kharlov Andrei 2597 - Sands
David 2252 , Halkidiki 2002 Cup European Club (final) } ) 28.Rg1 Qxe6 29.Qxe8+
Kh7 30.Qf8 Qg4 31.fxe5 Rc8 32.Qxe7+ Kxh6 33.exf6 Qg5 34.Qxb7 Rc1 35.Qxa7 Rxg1+
36.Qxg1 Qxf6 37.a4 Qc3 38.h3 Kg5 39.Qd1 Kh6 40.Qd6+ Kh7 41.Kh2 Qa5 42.Qf4 Kh8
43.h4 Kh7 44.Kh3 Qc3+ 45.Qf3 { ...1-0, Van Wely Loek 2668 - Kovchan Alexander
2536 , Moscow 2003 It (open) "Aeroflot" } ) ( 25...Qc7 26.f4 Rc1 27.Qxc1 Qxc1
28.Rxc1 Ng4 29.h3 Nxh6 30.g4 Rd8 31.Rc7 Kf8 32.Rd7 Nf7 33.Kg2 b5 34.Kf2 Ke8
35.Rxa7 Nd6 36.h4 Kf8 37.h5 f5 38.g5 Ne4+ 39.Ke3 Rxd5 40.Ra8+ Kg7 41.h6+ Kh7
42.Re8 Nxg5 43.fxg5 Re5+ 44.Kf4 Rxe6 45.Rf8 { ...1-0, Kobalia Mikhail 2603 -
Zakharstov Viacheslav V 2527 , St. Petersburg 2001 Memorial M.Chigorin (open)
} ) ( 25...Qc7 26.f4 Rc1 27.Qxc1 Qxc1 28.Rxc1 Ng4 29.h3 Nxh6 30.g4 Rd8 31.Rc7
Kf8 32.Rd7 Nf7 33.Kg2 b5 34.Kf2 Ke8 35.Rxa7 Nd6 36.h4 Kf8 37.h5 f5 38.g5 Ne4+
39.Ke3 Rxd5 40.Ra8+ Kg7 41.h6+ Kh7 42.Re8 Nxg5 43.fxg5 Re5+ 44.Kf4 Rxe6 45.Rf8
{ 1-0, Kobalia Mikhail (RUS) 2603 - Zakharstov Viacheslav V (RUS) 2527, St.
Petersburg (Russia) 2001 } ) ( 25...Rc5 26.f4 Qxd5 ( 26...Rxd5 27.Qh5 Kh7
28.fxe5 Rxe5 29.Bg5+ Kg7 30.Qh6+ Kg8 31.Qg6+ Kh8 32.Bd2 { !+?? } ) 27.Qh5 Rc2
28.Rg1 Qxe6 29.Qxe8+ Kh7 30.Qf8 Qg4 31.fxe5 { +?? Van Wely Loek 2668 - Kovchan
Alexander 2536 , Moscow 2003 It (open) "Aeroflot" } ) 26.f4 Kh7 { ?! } (
26...Ra1 { !? } 27.Qxa1 Ng4 28.Qb1 Kh8 { } ) 27.fxe5 { ! } ( 27.Qh5 { ? }
27...Qxd5 28.Bg5+ Kg7 29.Bh6+ { } ) 27...Kxh6 28.exf6 { ? } ( 28.Rf5 { ! }
28...Kg7 29.Rh5 Rxg2 30.Kxg2 { } ) 28...exf6 29.Qd4 Kg7 30.Qg4+ Kf8 { ?? } ( {
? } 30...Kh6 31.Qh4+ Kg7 32.Qg4+ Kh6 { } ) 31.Qg6 Ke7 32.Qxf6+ { } {#r} 1-0

[Event "Ch Germany (juniors) (under 18)"]
[Site "masterchessopen.com Willingen (Germany)"]
[Round "9"]
[White "Rau Hannes (GER)"]
[Black "Braun Arik (GER)"]
[Result "0-1"]
[WhiteElo "2384"]
[BlackElo "2480"]

{ Rau Hannes (GER) +1 =0 -0 } 1.d4 { 1 } 1...Nf6 2.c4 g6 3.Nc3 d5 4.cxd5 Nxd5
5.e4 Nxc3 6.bxc3 Bg7 7.Bc4 c5 8.Ne2 O-O 9.O-O Nc6 10.Be3 cxd4 11.cxd4 Bg4
12.f3 Na5 13.Bd3 Be6 14.d5 ( 14.Rc1 Bxa2 15.Qa4 Be6 16.d5 Bd7 17.Qb4 b6 18.Ba6
Re8 19.Rfd1 Bc8 20.Bd3 Bd7 21.Nd4 Rc8 22.Nb5 Bxb5 23.Bxb5 Rf8 24.Rxc8 Qxc8
25.Qxe7 Qc2 26.Re1 Qc3 27.Qh4 Qb4 28.Ba6 f5 29.h3 f4 30.Bf2 Nc4 31.Bxc4 Qxc4
32.Qe7 Rf7 33.Qe8+ Rf8 { ...1-0, Rau Hannes 2297 - Koch Moritz 2175 ,
Willingen 2001 Ch Germany (juniors) (under 16) } ) 14...Bxa1 15.Qxa1 f6 16.Bh6
Re8 { = } ( 16...Bd7 17.Bxf8 Qb6+ 18.Nd4 Rxf8 19.Rb1 Qd6 20.Qc3 Qe5 21.Rc1 Rc8
22.Qxc8+ Bxc8 23.Rxc8+ Kg7 24.Ne6+ Kh6 25.f4 Qb2 26.g4 Qd2 27.g5+ Kh5 28.Bf1
Qe3+ 29.Kg2 Qxe4+ 30.Kf2 Qxd5 31.Rh8 Kg4 32.Rxh7 Qd2+ 33.Be2+ Kf5 34.Rxe7 Nc6
35.Ng7+ Kxf4 36.gxf6 { ...0-1, Christiansen Larry M 2625 - Lagunow Alexander
2405 , Cologne 1992 It (open) "Porz" } ) 17.Kh1 ( 17.Qd4 Bd7 18.Rb1 b5 19.e5
e6 20.Kh1 Qb6 21.Qg4 f5 22.Qg3 exd5 23.Nf4 Kf7 24.e6+ Bxe6 25.Rxb5 Qd4 26.h4
Nc6 27.h5 Qf6 28.Bg5 Qa1+ 29.Rb1 Qg7 30.Rb7+ Ne7 31.Qe1 { 1-0, Sygulski Artur
2360 - Luecke Norbert 2410 , Germany 1991 Bundesliga 1990/91 } ) ( 17.Bd2 b6
18.Qb1 Bf7 19.Bb5 Rf8 20.Bh6 Qd6 21.Bxf8 Rxf8 22.Rc1 e6 { 1/2-1/2,
Christiansen Larry M 2600 - Gavrikov Viktor 2585 , Biel 1991 It } ) 17...Rc8
18.Nf4 Bd7 ( 18...Bf7 19.e5 Bxd5 20.Rd1 e6 21.exf6 Qc7 22.Qb1 Qe5 23.Bxg6 Qxf6
24.Bxe8 Rxe8 25.Nxd5 Qxh6 26.Nc3 Qg7 27.Ne4 Nc4 28.Rd7 Re7 29.Rd8+ Kf7 30.Qc1
h6 31.Qf4+ Kg6 32.Qg4+ { 1-0, Gustafsson Jan 2566 - Bachmann Andreas 2243 ,
Dresden 2002 It (open) } ) 19.e5 Nc4 ( 19...e6 20.dxe6 Bxe6 21.exf6 Bf7 22.Rd1
Rc6 23.Bb5 Qxf6 24.Qxf6 Rxf6 25.Bxe8 Bxe8 26.Rd8 Kf7 27.Nh3 Ke7 28.Rd1 Re6
29.Ng5 Re2 30.h4 Rxa2 31.Nxh7 Re2 32.Bg5+ Kf7 33.Rd8 Bc6 34.Rf8+ Ke6 35.Rf6+
Kd5 36.Rxg6 b5 37.Nf6+ Kc4 38.Ne4 Bxe4 39.fxe4 { ...1/2-1/2, Kharlov Andrei
2609 - Mamedyarov Shakhriyaz 2542 , Batumi 2002 Ch Europe } ) 20.e6 Ba4 (
20...Ne5 21.exd7 Qxd7 22.Qb1 Nxd3 23.Qxd3 e5 24.Ne2 Qa4 25.Nc3 Qd4 26.Qxd4
exd4 27.Ne4 Red8 28.Nxf6+ Kf7 29.Ne4 Rxd5 30.Kg1 d3 31.Rd1 Rc2 32.a3 Ke6
33.Bd2 Rd4 34.Be3 Rd5 35.Kf1 h5 36.Bd2 Rd4 37.Ke1 b5 38.Rb1 a6 39.Rb3 Kd5
40.Kf2 { ...1-0, Nielsen Peter Heine 2626 - Turov Maxim 2518 , Copenhagen 2002
It (open) "Politiken Cup" } ) ( 20...Bb5 { } ) 21.Nxg6 ( 21.Qe1 Ne5 22.Qg3 Qd6
23.Be4 Bc2 24.h4 Kh8 25.Nh5 Rg8 26.Nxf6 exf6 27.Bf4 b5 28.Re1 Rg7 29.Rc1 Rgc7
30.Bxe5 fxe5 31.Bxc2 Rxc2 32.Rxc2 Rxc2 33.Qg5 Rc7 34.h5 gxh5 35.Qf6+ Rg7
36.Qf5 a5 37.Qxh5 Qxd5 38.Qe8+ Rg8 39.Qf7 Qd1+ 40.Kh2 Qd6 { ...0-1, Gligoric
Svetozar 2600 - Idigoras Gregorio, Mar del Plata 1955 It } ) 21...hxg6 22.Bxg6
Ne5 23.Be4 Bc2 ( 23...Qa5 24.Qd4 Rc4 25.Qf2 Rxe4 26.fxe4 Qc3 27.h3 Qd3 28.Qf5
Rc8 29.d6 Qxd6 30.Bf4 Be8 31.Rb1 Qd3 32.Rb3 Qxb3 { 0-1, Christiansen Larry M
2575 - Korchnoi Viktor 2595 , Reggio Emilia 1988 It (cat.15) } ) 24.Bxc2 Rxc2
25.Qd1 Kh7 { } ( 25...Qc7 26.f4 { } 26...Rc1 27.Qxc1 Qxc1 28.Rxc1 Ng4 29.h3
Nxh6 30.g4 Rd8 31.Rc7 Kf8 32.Rd7 Nf7 33.Kg2 b5 34.Kf2 Ke8 35.Rxa7 Nd6 36.h4
Kf8 37.h5 f5 38.g5 Ne4+ 39.Ke3 Rxd5 40.Ra8+ Kg7 41.h6+ Kh7 42.Re8 Nxg5 43.fxg5
Re5+ 44.Kf4 Rxe6 45.Rf8 { ...1-0, Kobalia Mikhail 2603 - Zakharstov Viacheslav
V 2527 , St. Petersburg 2001 Memorial M.Chigorin (open) } ) 26.Qxc2+ Kxh6
27.f4 { ! } ( 27.Qa4 { ? } 27...Ng6 28.f4 f5 29.Qb5 { } ) 27...Ng6 28.Qd2 { N
? } ( 28.Qf5 Rh8 29.g3 Qa5 30.Rd1 Qxa2 31.Qg4 Qc2 32.d6 Kg7 33.h4 f5 34.Qf3
Nxh4 35.gxh4 Rxh4+ 36.Kg1 Qh2+ 37.Kf1 Rxf4 { 0-1, Bannik Anatoly 2010 -
Novotelnov Nikolai, Tbilisi 1951 Ch URS (team) } ) ( { ? } 28.f5 Ne5 29.Qf2
Rh8 30.Rd1 { } ) 28...Kg7 { ?! } ( 28...f5 { !? } 29.g4 Rf8 30.g5+ Kh7 { } )
29.g4 { ?! } ( 29.f5 { !? } 29...Ne5 30.d6 Qxd6 31.Qxd6 { } ) 29...Qc7 30.g5
f5 31.Qd3 Qd6 32.Rf3 { ?! } ( 32.Qd4+ { !? } 32...Kh7 33.Qd3 Rf8 34.Qf3 { } )
32...Rc8 33.Qd4+ Kg8 34.h4 Nxh4 35.Rh3 Rc1+ 36.Kh2 Ng6 37.Rf3 Rc5 38.Kg3 Qxd5
39.Qa4 Qxe6 { } {#R} 0-1

[Event "Bundesliga (2nd) South 2002/03"]
[Site "masterchessopen.com Germany"]
[Date "2003.03.09"]
[Round "8"]
[White "Rau Hannes (GER)"]
[Black "Markl Martin (GER)"]
[Result "1-0"]
[WhiteElo "2384"]
[BlackElo "2230"]

1.d4 Nf6 2.c4 g6 3.Nc3 d5 4.cxd5 Nxd5 5.e4 Nxc3 6.bxc3 Bg7 7.Bc4 O-O 8.Ne2 c5
9.O-O Nc6 10.Be3 Bg4 11.f3 Na5 12.Bd3 cxd4 13.cxd4 Be6 14.d5 Bxa1 15.Qxa1 f6
16.Bh6 Re8 17.Kh1 Rc8 18.Nf4 Bd7 19.e5 Nc4 20.e6 Bb5 21.Qe1 Qb6 22.Nxg6 hxg6
23.Qg3 Ne5 24.Bxg6 {#r} 1-0

[Event "Ch Australia"]
[Site "masterchessopen.com Adelaide (Australia)"]
[Round "5"]
[White "Rej Tomek (AUS)"]
[Black "Wright Neil (AUS)"]
[Result "1-0"]
[WhiteElo "2248"]
[BlackElo "2141"]

1.d4 Nf6 2.c4 g6 3.Nc3 d5 4.cxd5 Nxd5 5.e4 Nxc3 6.bxc3 Bg7 7.Bc4 c5 8.Ne2 O-O
9.O-O Nc6 10.Be3 Bg4 11.f3 Na5 12.Bd3 cxd4 13.cxd4 Be6 14.d5 Bxa1 15.Qxa1 f6
16.Nd4 Bd7 17.Bh6 Re8 18.e5 fxe5 19.Ne6 Qb6+ 20.Kh1 Qd6 21.Re1 Rac8 22.Rxe5
Qa3 23.Bxg6 Qc3 24.Qxc3 Rxc3 25.Bh5 Kh8 26.Bxe8 Bxe8 27.Rf5 {#r} 1-0

[Event "It (open)"]
[Site "masterchessopen.com Chennai (India)"]
[Date "2004.01.21"]
[Round "1"]
[White "Surendran N (IND)"]
[Black "Konguvel Ponnuswamy (IND)"]
[Result "0-1"]
[WhiteElo "2026"]
[BlackElo "2403"]

1.d4 Nf6 2.c4 g6 3.Nc3 d5 4.cxd5 Nxd5 5.e4 Nxc3 6.bxc3 Bg7 7.Bc4 c5 8.Be3 Nc6
9.Ne2 O-O 10.O-O Bg4 11.f3 Na5 12.Bd3 cxd4 13.cxd4 Be6 14.d5 Bxa1 15.Qxa1 f6
16.Bh6 Re8 17.Rb1 a6 18.Nf4 Bf7 19.Qc3 Rc8 20.Qd2 b5 21.Qe2 Nc4 22.Bxc4 Rxc4
23.e5 fxe5 24.Nh3 Qxd5 25.Nf2 Rec8 26.Rd1 Qc5 27.Be3 Qa3 28.Bh6 Qc5 29.Be3 Rc2
30.Bxc5 Rxe2 31.Bxe7 Rcc2 32.Bh4 Red2 33.Re1 Rxa2 34.Bg3 b4 {#R} 0-1

[Event "Ch Bulgaria (juniors) (under 20)"]
[Site "masterchessopen.com Pleven (Bulgaria)"]
[Date "2004.02.05"]
[Round "2"]
[White "Bojchev Marian (BUL)"]
[Black "Petkov Atanas (BUL)"]
[Result "1-0"]
[WhiteElo "2237"]
[BlackElo "2031"]

1.d4 Nf6 2.c4 g6 3.Nc3 d5 4.cxd5 Nxd5 5.e4 Nxc3 6.bxc3 Bg7 7.Bc4 c5 8.Ne2 O-O
9.O-O Nc6 10.Be3 Bg4 11.f3 cxd4 12.cxd4 Na5 13.Bd3 Be6 14.Rc1 Bxa2 15.Qa4 Be6
16.d5 Bd7 17.Qb4 b6 18.Ba6 f5 19.Bg5 Bf6 20.Bh6 Rf7 21.Bf4 fxe4 22.fxe4 Bg4
23.Bc7 Qf8 24.e5 Bxe2 25.Bxe2 Bg5 26.Rcd1 Be3+ 27.Kh1 Bc5 28.Qb1 Rxf1+ 29.Rxf1
Qg7 30.Qe4 Rf8 31.Rd1 e6 32.d6 Qd7 33.Bg4 Kg7 34.Bh3 Nb3 35.Qb7 Rf7 36.g3 Nd4
37.Qxa7 Qb5 38.Qa2 Rf3 39.Bd8 {#r} 1-0

[Event "It (cat.2)"]
[Site "masterchessopen.com Rome (Italy)"]
[Date "2004.03.13"]
[Round "9"]
[White "Naumkin Igor (RUS)"]
[Black "Russo Carmelo (ITA)"]
[Result "1-0"]
[WhiteElo "2479"]
[BlackElo "1786"]

1.d4 Nf6 2.c4 g6 3.Nc3 d5 4.cxd5 Nxd5 5.e4 Nxc3 6.bxc3 Bg7 7.Bc4 O-O 8.Ne2 c5
9.O-O cxd4 10.cxd4 Nc6 11.Be3 Bg4 12.f3 Na5 13.Bd3 Be6 14.Qa4 Rc8 15.Rac1 Rxc1
16.Rxc1 Bd7 17.Qb4 b6 18.d5 Be5 19.f4 Bd6 20.Qb2 Nb7 21.Kh1 Nc5 22.Bc2 Ba4
23.Bxc5 Bxc2 24.Bxd6 Bxe4 25.Ba3 Qxd5 26.Ng3 Rd8 27.Qe2 Bxg2+ 28.Qxg2 {#r} 1-0

[Event "Ch Russia (juniors) (under 16)"]
[Site "masterchessopen.com Dagomys (Russia)"]
[Round "0"]
[White "Bitkinin Lenar (RUS)"]
[Black "Sitnikov S (RUS)"]
[Result "1-0"]
[WhiteElo "2059"]
[BlackElo "2231"]

1.d4 Nf6 2.c4 g6 3.Nc3 d5 4.cxd5 Nxd5 5.e4 Nxc3 6.bxc3 Bg7 7.Bc4 c5 8.Ne2 O-O
9.Be3 Nc6 10.O-O Bg4 11.f3 Na5 12.Bd3 cxd4 13.cxd4 Be6 14.Qa4 Rc8 15.Rac1 b6
16.Ba6 Rxc1 17.Rxc1 Bd7 18.Qc2 b5 19.Qc7 Nc4 20.Qxd8 Rxd8 21.Bf2 Bh6 22.Rc3
Bd2 23.Rb3 Na5 24.Rb1 Rb8 25.d5 Nc4 26.Nd4 Na5 27.Bxb5 Bxb5 28.Rxb5 Rxb5
29.Nxb5 a6 30.Nc7 Nc4 31.Nxa6 Kf8 32.Nc5 Ke8 33.Kf1 Bb4 34.Nb3 Kd7 35.Ke2 f5
{#r} 1-0

[Event "Ch Russia (juniors) (under 18)"]
[Site "masterchessopen.com Dagomys (Russia)"]
[Round "10"]
[White "Mirzanurov Bulat (RUS)"]
[Black "Khakimov Timur (RUS)"]
[Result "1-0"]
[WhiteElo "2264"]
[BlackElo "2256"]

1.d4 Nf6 2.c4 g6 3.Nc3 d5 4.cxd5 Nxd5 5.e4 Nxc3 6.bxc3 Bg7 7.Bc4 O-O 8.Ne2 c5
9.O-O Nc6 10.Be3 Bg4 11.f3 Na5 12.Bd3 cxd4 13.cxd4 Be6 14.d5 Bxa1 15.Qxa1 f6
16.Bh6 Re8 17.Kh1 Bf7 18.Bb5 Qb6 19.Bxe8 Rxe8 20.Nf4 Nc4 21.Qc3 Ne5 22.Nd3 Qa6
23.Rd1 Nxd3 24.Rxd3 Qxa2 25.h3 b5 26.d6 Qb1+ 27.Kh2 b4 28.Qd2 exd6 29.Rxd6 b3
30.Qd4 {#r} 1-0

[Event "Ch Russia (juniors) (under 18) (g)"]
[Site "masterchessopen.com Dagomys (Russia)"]
[Round "0"]
[White "Andreeva Arina (RUS)"]
[Black "Gorlova Marina (RUS)"]
[Result "1-0"]
[WhiteElo "2001"]
[BlackElo "1869"]

1.d4 Nf6 2.c4 g6 3.Nc3 d5 4.cxd5 Nxd5 5.e4 Nxc3 6.bxc3 Bg7 7.Bc4 c5 8.Ne2 Nc6
9.Be3 O-O 10.O-O cxd4 11.cxd4 Na5 12.Bd3 Bg4 13.f3 Be6 14.Qd2 Nc4 15.Bxc4 Bxc4
16.e5 Qd7 17.Rfc1 Rac8 18.Rab1 Rfd8 19.Nc3 b6 20.Qb2 h5 21.a4 Bd3 22.Ra1 Kh7
23.a5 b5 24.Rd1 Bc4 25.Ne4 Bh6 26.Bxh6 Kxh6 27.Nc5 Qd5 28.Qb4 Kg7 29.Kf2 Qc6
30.Rac1 Rd5 {#r} 1-0

[Event "Ch Mittelfranken (HT)"]
[Site "masterchessopen.com Lauf (Germany)"]
[Date "2004.04.06"]
[Round "2"]
[White "Stephan Jan (GER)"]
[Black "Liepold Stefan (GER)"]
[Result "0-1"]
[WhiteElo "2100"]
[BlackElo "2236"]

1.d4 Nf6 2.c4 g6 3.Nc3 d5 4.cxd5 Nxd5 5.e4 Nxc3 6.bxc3 Bg7 7.Bc4 c5 8.Ne2 Nc6
9.Be3 cxd4 10.cxd4 O-O 11.O-O Bg4 12.f3 Na5 13.Bd3 Be6 14.d5 Bxa1 15.Qxa1 f6
16.Rb1 Re8 17.Bh6 a6 18.Nf4 Bf7 19.e5 Bxd5 20.Rd1 Qb6+ 21.Kh1 Rad8 22.exf6
Qxf6 23.Qb1 Bf7 24.Nh3 b5 25.Bc1 Nc4 26.Nf2 h5 27.Ne4 Qc6 28.Bh6 Rd7 29.Qa1 e5
30.Bg5 Re6 31.h4 Rd4 32.Qc3 Kg7 33.Re1 a5 34.Rc1 Qd5 35.Nf2 Rb6 36.Qc2 Rd6
37.Be4 Qe6 38.Kh2 Rd2 39.Bxd2 Rxd2 40.Qxd2 Nxd2 {#R} 0-1

[Event "Ch Baden (MA)"]
[Site "masterchessopen.com Eppingen (Germany)"]
[Date "2004.04.13"]
[Round "6"]
[White "Hauser Carlos (GER)"]
[Black "Kaczmarczyk Dennis (GER)"]
[Result "1-0"]
[WhiteElo "2150"]
[BlackElo "2006"]

1.d4 Nf6 2.c4 g6 3.Nc3 d5 4.cxd5 Nxd5 5.e4 Nxc3 6.bxc3 Bg7 7.Bc4 c5 8.Ne2 Nc6
9.Be3 O-O 10.O-O Bg4 11.f3 Na5 12.Bd3 cxd4 13.cxd4 Be6 14.d5 Bxa1 15.Qxa1 f6
16.Rb1 b6 17.Bh6 Re8 18.Nf4 Bd7 19.e5 Qc7 20.exf6 exf6 21.Nxg6 Qc5+ 22.Kh1
hxg6 23.Qxf6 Re7 24.Qxg6+ Kh8 25.Qf6+ Kg8 26.d6 {#r} 1-0